Nalaganje...
An Appraisal Of Anthropology Today
| Glavni avtor: | |
|---|---|
| Format: | Printed Book |
| Jezik: | Undetermined |
| Izdano: |
London:
The Univarsity Of Chicago Press,
1953
|
| Teme: |
| LEADER | 00506nam a2200157Ia 4500 | ||
|---|---|---|---|
| 008 | 200110s9999||||xx |||||||||||||| ||und|| | ||
| 080 | |a 301 |b TAX-A | ||
| 100 | |a Tax, Sol, Ed. | ||
| 245 | 3 | |a An Appraisal Of Anthropology Today | |
| 260 | |a London: |b The Univarsity Of Chicago Press, |c 1953 | ||
| 300 | |a 395 p. |f HB | ||
| 500 | |a General | ||
| 650 | |a Anthropolgy | ||
| 942 | |c BK | ||
| 999 | |c 253287 |d 253287 | ||
| 952 | |0 0 |1 0 |4 0 |6 301_000000000000000_TAXA |7 0 |9 269212 |a SOC |b SOC |l 0 |o 301 TAX-A |p SOC3054 |r 2020-01-14 |w 2020-01-14 |y BK | ||